GRAMOFÓNOVÝ KLUB ŠKOLÁM

Bibliographic Details
Main Author: Janus, H. (Author)
Format: Article
Language:Slovak

MARC

LEADER 00000nab a2200000 a 4500
001 vtls010727065
003 SK-MaSNL
005 20260304193720.0
008 250709s xo |||||||||||||||||slo|
035 |a (urnnbn)urn:nbn:sk:snk:ar-a050j3 
035 |a (uuid)f26edd3c-c0d2-4c16-8c9e-456695c5594f 
035 |a urn:nbn:sk:snk-ab3qm4 
040 |a SNKBUCL  |b slo  |c SNKBUCL  |e AACR2 
041 0 |a slo 
044 |a xo  |c SK 
100 1 |a Janus, H.  |4 aut  |9 900594 
245 1 0 |a GRAMOFÓNOVÝ KLUB ŠKOLÁM  |c H. Janus 
773 0 |t Slovenský jazyk a literatúra v škole : časopis pre otázky jazyka a literatúry  |g Roč. 17, č. 8 (1970-1971), s. [256c]-[256d] 
850 |a Slovenská národná knižnica 
852 |a Slovenská národná knižnica 
954 |a odborná, vedecká literatúra pôvodná (slovenská)  |2 lita 
958 |a article1 
958 |a OND 
958 |a EUIPO 
999 |c 3068608  |d 3070538